| 000 | 00833nam a2200229 4500 | ||
|---|---|---|---|
| 001 | ESSALUD | ||
| 007 | ta | ||
| 008 | t2025 pe ||||| |||| 00| 0 spa d | ||
| 040 | _aBMG | ||
| 041 | _aspa | ||
| 100 |
_aOrtiz Pasco, Jorge _eautor _951632 |
||
| 245 | _aLa calificación registral de los pactos de no enajenar de la garantía mobiliaria: no a la legitimación, sí a lo pactado | ||
| 300 | _apáginas 81-88 | ||
| 650 |
_aCONTRATOS _9337 |
||
| 650 |
_aREGISTROS _932575 |
||
| 650 |
_aLEGISLACIÓN _9209 |
||
| 653 | _aPACTOS DE NO ENAJENAR | ||
| 653 | _aCALIFICACIÓN REGISTRAL | ||
| 653 | _aCÓDIGO CIVIL | ||
| 773 | 0 |
_019945 _922508 _dLima Gaceta Jurídica Editores, 2013- _oGACIV027 _tGaceta civil & procesal civil : información especializada para abogados y jueces _wESSALUD _x2305-3259 |
|
| 942 |
_cARTICULOS _e2026-02-27 _zAFC |
||
| 999 |
_c22229 _d22229 |
||